000 00818nam a2200265Ia 4500
003 OSt
005 20220924123715.0
006 a|||||r|||| 00| 0
007 ta
008 220923b |||||||| |||| 00| 0 san d
020 _a9789388162630 (hbk)
020 _cINR 1549.00
024 _a351808
037 _b259, 18/12/2019, Eastern Book Linkers
_cTextual
040 _aARTS
_cARTS
_bsan
041 _2san
_asan
082 _aDelta2:3, Q9
100 _aMishra Lalit V. Au.
245 0 _aYoga education
_b pranayama and preparation in breathing
260 _aNew Delhi
_b Innovative Imprint India
_c2019
300 _aviii,232p.
_ccm.
650 _aYOGA
_92333
942 _hDelta2:3, Q9
_cTEXL
_2CC
999 _c416819
_d416819